|
|
|
|
| LEADER |
00000cam a2200000 4500 |
| 001 |
vtls011748660 |
| 003 |
SK-MaSNL |
| 005 |
20260301183024.0 |
| 008 |
250312s1975 xo gr 000 0 slo |
| 015 |
|
|
|a SNBA1975
|
| 020 |
|
|
|q (brožované)
|
| 035 |
|
|
|a urn:nbn:sk:snk-am00fbpv
|
| 035 |
|
|
|a urn:nbn:sk:snk-am3j4ef
|
| 035 |
|
|
|a 54175E44-047C-411B-A620-903368C38E53
|
| 040 |
|
|
|a SNK
|b slo
|c SNK
|e rda
|
| 041 |
0 |
|
|a slo
|
| 044 |
|
|
|a xo
|c SK
|
| 072 |
|
7 |
|a 821.162.1
|x Poľská literatúra
|2 konspekt
|
| 072 |
|
7 |
|a 821.162.4-1
|x Slovenská poézia
|2 konspekt
|
| 080 |
|
|
|a 821.162.1-1
|2 2011
|
| 080 |
|
|
|a 821.162.4-1
|2 2011
|
| 080 |
|
|
|a (04)
|2 2011
|
| 100 |
1 |
|
|a Winczer, Pavol,
|d 1935-2014
|4 aut
|9 163469
|
| 245 |
1 |
0 |
|a Premeny lyrického subjektu v poľskej a slovenskej poézii od polovice päťdesiatych rokov
|b tézy
|c Pavol Winczer
|
| 264 |
|
1 |
|a [Miesto vydania nie je známe]
|b [Vydavateľ nie je známy]
|c 1975
|
| 300 |
|
|
|a strana 355-360
|c 24 cm
|
| 336 |
|
|
|a text
|b txt
|2 rdacontent
|
| 337 |
|
|
|a bez média
|b n
|2 rdamedia
|
| 338 |
|
|
|a zväzok
|b nc
|2 rdacarrier
|
| 650 |
0 |
7 |
|a poľská poézia
|2 SNKPH
|9 83028
|
| 650 |
0 |
7 |
|a Polish poetry
|2 SNKPHeng
|9 414485
|
| 650 |
0 |
7 |
|a slovenská poézia
|2 SNKPH
|9 215422
|
| 650 |
0 |
7 |
|a Slovak poetry
|2 SNKPHeng
|9 309303
|
| 655 |
|
7 |
|a separáty
|2 SNKPH
|9 70334
|
| 655 |
|
7 |
|a Offprints
|2 SNKPHeng
|9 332606
|
| 787 |
0 |
8 |
|i Separátny výtlačok z:
|t Slavica Slovaca
|g Roč.10, č. 4 (1975), strana 355-360
|
| 852 |
|
|
|a Slovenská národná knižnica
|
| 958 |
|
|
|a OND
|
| 999 |
|
|
|c 855591
|d 857521
|
| 952 |
|
|
|a SNK
|b SNK
|y PREZ
|7 0
|p 17A1126399
|o snkSC 178907
|i snk2018/7485
|8 1
|0 0
|1 0
|4 0
|d 2018-03-29
|f 1
|l 0
|r 2026-02-24 04:55:21
|w 2026-02-24
|